Summa technologiae

Uloženo v:
Podrobná bibliografie
Hlavní autor: Lem, Stanislaw Herman (Autor)
Médium: Kniha
Jazyk:španělština
Vydáno: Buenos Aires Godot 2017
Vydání:1a. ed
Témata:
Tagy: Přidat tag
Žádné tagy, Buďte první, kdo vytvoří štítek k tomuto záznamu!

MARC

LEADER 00000cam a2200000 a 4500
001 UCC3590
003 CL-VaPUC
008 180527e20170000ag |||||||||||||||||spa|d
020 |a 9789874086297 
082 0 4 |a 891.85  |b LEM  |2 21 
100 0 |a Lem, Stanislaw Herman  |e author  |9 597641 
245 1 0 |a Summa technologiae 
250 |a 1a. ed 
300 |a 489 p 
942 |c BK 
945 |d 20180527 18:33:00  |a arojas 
260 |a Buenos Aires  |b Godot  |c 2017 
650 7 |a ENSAYOS POLACOS  |2 CL-VaPUC  |9 450244 
650 7 |a LITERATURA POLACA  |2 CL-VaPUC  |9 353031 
583 |a last modification  |c 20180527 18:33:00  |k Rodrigo Vera 
999 |c 371284  |d 371282 
952 |0 0  |1 0  |3 erb  |4 0  |6 891_850000000000000_LEM_2017  |7 0  |8 A  |9 488236  |a BIBART  |b BIBART  |i 5472369  |o 891.85 LEM 2017  |p 5472369  |r 2025-03-13  |w 2019-11-24  |y BK  |z Catalogado en:20180527  |k ART